Unia Europejska
Saved in:
| Main Author: | |
|---|---|
| Format: | Book |
| Language: | Polish |
| Published: |
Lublin
Redakcja Wydawnictw Katolickiego Uniwersytetu Lubelskiego
1999
|
| Subjects: | |
| Tags: |
No Tags, Be the first to tag this record!
|
MARC
| LEADER | 00000nam a2200000 4500 | ||
|---|---|---|---|
| 001 | c117890 | ||
| 005 | 20221221084852.5 | ||
| 020 | |a 83-228-0747-3 | ||
| 041 | 0 | |a pol | |
| 044 | |a PL | ||
| 245 | 1 | 0 | |a Unia Europejska |c Andrzej Podraza |
| 264 | 1 | |a Lublin |b Redakcja Wydawnictw Katolickiego Uniwersytetu Lubelskiego |c 1999 | |
| 300 | |a 193 s. | ||
| 610 | 2 | 0 | |a integrácia ekonomická medzinárodná |
| 610 | 2 | 0 | |a spolupráca hospodárska medzinárodná |
| 610 | 2 | 0 | |a spolupráca medzinárodná |
| 610 | 2 | 0 | |a história |
| 610 | 2 | 0 | |a projekty |
| 610 | 2 | 0 | |a politika hospodárska medzinárodná |
| 610 | 2 | 0 | |a politika medzinárodná |
| 610 | 2 | 0 | |a organizácie ekonomické medzinárodné |
| 610 | 2 | 0 | |a zmluvy medzinárodné |
| 610 | 2 | 0 | |a únie menové |
| 610 | 2 | 0 | |a parlamenty |
| 610 | 2 | 0 | |a politika zahraničná |
| 610 | 2 | 0 | |a pomoc zahraničná |
| 610 | 2 | 0 | |a Európa |
| 610 | 2 | 0 | |a SVE |
| 610 | 2 | 0 | |a Európska únia |
| 610 | 2 | 0 | |a Európske spoločenstvá |
| 100 | 1 | |a Podraza, Andrzej | |